Normal view
MARC view
Entry Personal Name
001 - CONTROL NUMBER
- control field: 60337
003 - CONTROL NUMBER IDENTIFIER
- control field: dpl
005 - DATE AND TIME OF LATEST TRANSACTION
- control field: 20231227152125.0
008 - FIXED-LENGTH DATA ELEMENTS
- fixed length control field: 231227|| aca||aabn | a|a d
040 ## - CATALOGING SOURCE
- Original cataloging agency: dpl
- Transcribing agency: dpl
100 ## - HEADING--PERSONAL NAME
- Personal name: N.C Anie
670 ## - SOURCE DATA FOUND
- Source citation: Work cat.: (dpl)199858: N.C Anie , Information Behavior in the Digital Age/, 2022
